Bundesliga Team of the Season - Statistiken

Allgemein
  • Dieses Quiz wurde 152 mal gespielt
  • Das Durchschnittsergebnis liegt bei 51 aus 85
Antwortstatistiken
Hint Antwort % Korrekt
GER Manuel Neuer
96%
GER Manuel Neuer
96%
SUI Gregor Kobel
95%
CAN Alphonso Davies
94%
CAN Alphonso Davies
94%
CAN Alphonso Davies
94%
CAN Alphonso Davies
94%
ENG Jude Bellingham
92%
ENG Jude Bellingham
92%
POL Robert Lewandowski
92%
POL Robert Lewandowski
92%
POL Robert Lewandowski
92%
POL Robert Lewandowski
92%
NOR Erling Haaland
90%
NOR Erling Haaland
90%
NOR Erling Haaland
90%
GER Joshua Kimmich
90%
GER Joshua Kimmich
90%
GER Joshua Kimmich
90%
GER Joshua Kimmich
90%
GER Joshua Kimmich
90%
SUI Yann Sommer
89%
SUI Yann Sommer
89%
GER Mats Hummels
84%
GER Mats Hummels
84%
NED Matthijs de Ligt
79%
FRA Christopher Nkunku
78%
FRA Christopher Nkunku
78%
GER Leon Goretzka
77%
GER Thomas Müller
76%
GER Thomas Müller
76%
GER Thomas Müller
76%
GER Serge Gnabry
74%
GER Serge Gnabry
74%
FRA Kingsley Coman
73%
GER Leroy Sane
73%
GER Marco Reus
73%
GER Marco Reus
73%
ENG Jadon Sancho
72%
ENG Jadon Sancho
72%
ENG Jadon Sancho
72%
GER Jamal Musiala
71%
FRA Randal Kolo Muani
68%
GER Nico Schlotterbeck
67%
GER Nico Schlotterbeck
67%
SRB Filip Kostic
60%
SRB Filip Kostic
60%
SRB Filip Kostic
60%
GER Julian Brandt
58%
GER Julian Brandt
58%
NED Jeremie Frimpong
56%
NED Jeremie Frimpong
56%
SRB Luka Jovic
55%
FRA Dayot Upamecano
54%
GER Florian Wirtz
54%
GER Niclas Füllkrug
51%
FRA Moussa Diaby
47%
FRA Moussa Diaby
47%
GER Timo Werner
46%
GER Timo Werner
46%
POR Andre Silva
45%
AUT Marcel Sabitzer
44%
FIN Lukas Hradecky
43%
MOR Achraf Hakimi
34%
GER Kai Havertz
32%
GER Kai Havertz
32%
GER Jonas Hofmann
31%
GER Matthias Ginter
30%
SLO Kevin Kampl
27%
BEL Axel Witsel
26%
GER David Raum
25%
ESP Angelino
22%
GER Marcel Halstenberg
15%
GER Kevin Trapp
14%
AUT Martin Hinteregger
14%
FRA Evan Ndicka
11%
GER Kevin Volland
10%
GER Max Kruse
10%
GER Kerem Demirbay
9%
GER Nico Schulz
7%
GER Danny Da Costa
6%
GER Florian Niederlechner
6%
FRA Maxence Lacroix
6%
GER Ridle Baku
5%
GER Suat Serdar
5%
Keine übereinstimmenden Quizze gefunden
Verteilung der Resultate
Anzahl Personen mit jedem Resultat
Perzentil nach korrekt beantworteten Fragen
Ihre Resultats-Entwicklung
Sie haben dieses Quiz noch nicht gespielt